000 02502nam a22003137a 4500
003 OSt
005 20260416192141.0
008 260416t2020 xxu||||| |||| 00| 0 eng d
020 _a9783030215835
020 _a9783030215828
040 _aUnicoc
_bspa
_c00001
_d00001
082 _a617.695
100 _912978
_aTayebi, Lobat
245 _aApplications of biomedical engineering in dentistry
_c/ Lobat Tayebi
250 _a1 Ed.
260 _aSuiza :
_bSpringer ,
_c2020
300 _a477 páginas
500 _aIncluye Índice y referencias bibliográficas
505 _tChapter 1. Introduction to application of biomedical engineering in dentistry. --
_tChapter 2. Biomedical materials in dentistry. --
_tChapter 3. Materials used intraoperatively during oral and maxillofacial surgery procedures. --
_tChapter 4. 3D imaging in dentistry and oral tissue engineering. --
_tChapter 5. Application of bioreactors in dental and oral tissue engineering. --
_tChapter 6. Engineering of dental titanium implants and their coating techniques. --
_tChapter 7. Applications of laser in dentistry. --
_tChapter 8. Applications of hard and soft tissue engineering in dentistry. --
_tChapter 9. 3D printing in dentistry. --
_tChapter 10. Clinical functions of regenerative dentistry and tissue engineering in treatment of oral and maxillofacial soft tissues. --
_tChapter 11. Challenges in the rehabilitation handling of large and localized oral and maxillofacial defects. --
_tChapter 12. Recent advances in nanodentistry. --
_tChapter 13. Application of stem cell encapsulated hydrogel in dentistry. --
_tChapter 14. Tissue engineering in periodontal regeneration. --
_tChapter 15. Oral mucosal grafting in ophthalmology. --
_tChapter 16. Microfluidic technologies using oral factors: saliva-based studies. --
_tChapter 17. Injectable gels for dental and craniofacial applications. --
_tChapter 18. Animal models in dental research. --
_tChapter 19. Whole tooth engineering.
526 _5Unicoc
546 _aInglés
650 0 _9747
_aTecnología dental
650 0 _961
_aBiomateriales
_vAplicaciones
_xIngeniería Biomédica
650 0 _960
_aMateriales dentales
650 0 _912844
_aTitanio
_xImplantes dentales
658 0 _98073
_aEspecialización en Prostodoncia
856 _yAcceso online exclusivo para comunidad Unicoc.
_uhttps://unicoceduco-my.sharepoint.com/:b:/g/personal/direccionbiblioteca_unicoc_edu_co/IQA0Fy1NAcwLTa9qububNww_AeDUMmpgVOoLwxz0sNHCauo
942 _2ddc
_cEBOOK
999 _c10862
_d10862